100 LGBTQ+ films - Statistics

General Stats
  • This quiz has been taken 43 times
    39 since last reset
  • The average score is 28 of 100
Answer Stats
Year | Director Cast Answer % Correct
2005 | Ang Lee Heath Ledger, Jake Gyllenhaal Brokeback Mountain
87%
1999 | Jamie Babbit Natasha Lyonne, Clea DuVall But I’m a Cheerleader
77%
2017 | Luca Guadagnino Timothée Chalamet, Armie Hammer Call Me by Your Name
77%
2013 | Abdellatif Kechiche Léa Seydoux, Adèle Exarchopoulos Blue Is the Warmest Colour
61%
2023 | Emma Seligman Rachel Sennott, Ayo Edebiri Bottoms
58%
2024 | Luca Guadagnino Zendaya, Josh O'Connor Challengers
55%
2019 | Céline Sciamma Noémie Merlant, Adèle Haenel Portrait of a Lady on Fire
55%
1991 | Gus Van Sant River Phoenix, Keanu Reeves My Own Private Idaho
52%
2024 | Luca Guadagnino Daniel Craig, Drew Starkey Queer
52%
1999 | Kimberly Peirce Hilary Swank, Chloë Sevigny Boys Don’t Cry
48%
2016 | Barry Jenkins Trevante Rhodes, André Holland Moonlight
48%
2012 | Steven Chbosky Logan Lerman, Emma Watson The Perks of Being a Wallflower
48%
1987 | James Ivory James Wilby, Hugh Grant Maurice
45%
2008 | Gus Van Sant Sean Penn Milk
45%
1993 | Jonathan Demme Tom Hanks, Denzel Washington Philadelphia
45%
1996 | Mike Nichols Robin Williams, Nathan Lane The Birdcage
45%
2020 | Francis Lee Kate Winslet, Saoirse Ronan Ammonite
42%
2023 | Matthew López Taylor Zakhar Perez, Nicholas Galitzine Red, White & Royal Blue
42%
2023 | Andrew Haigh Andrew Scott, Paul Mescal All of Us Strangers
39%
1995 | The Wachowskis Jennifer Tilly, Gina Gershon Bound
39%
1998 | Michael Cristofer Angelina Jolie, Faye Dunaway Gia
39%
2017 | God's Own Country Josh O'Connor, Alec Secăreanu God's Own Country
39%
1969 | John Schlesinger Jon Voight, Dustin Hoffman Midnight Cowboy
39%
2018 | Yorgos Lanthimos Olivia Colman, Emma Stone The Favourite
39%
2009 | Tom Ford Colin Firth, Julianne Moore A Single Man
35%
2002 | Julie Taymor Salma Hayek Frida
35%
2020 | Clea DuVall Kristen Stewart, Mackenzie Davis Happiest Season
35%
2018 | Greg Berlanti Nick Robinson Love, Simon
35%
2025 | Harry Lighton Harry Melling, Alexander Skarsgård Pillion
35%
1948 | Alfred Hitchcock James Stewart, John Dall Rope
35%
1994 | Stephan Elliott Terence Stamp, Hugo Weaving The Adventures of Priscilla, Queen of the Desert
35%
2022 | Nicholas Stoller Billy Eichner Bros
32%
1997 | Wong Kar-wai Leslie Cheung, Tony Leung Chiu-wai Happy Together
32%
2004 | Gregg Araki Joseph Gordon Levitt, Brady Corbet Mysterious Skin
32%
1997 | Brian Gilbert Stephen Fry, Jude Law Wilde
32%
2017 | Eliza Hittman Harris Dickinson Beach Rats
29%
2017 | Joel Edgerton Lucas Hedges, Nicole Kidman Boy Erased
29%
2005 | Bennett Miller Philip Seymour Hoffman Capote
29%
1985 | Héctor Babenco William Hurt, Raul Julia Kiss of the Spider Woman
29%
1985 | Stephen Frears Saeed Jaffrey, Daniel Day-Lewis My Beautiful Laundrette
29%
1961 | William Wyler Audrey Hepburn, Shirley MacLaine The Children's Hour
29%
2018 | Desiree Akhavan Chloë Grace Moretz, Sasha Lane The Miseducation of Cameron Post
29%
2014 | Ryan Murphy Mark Ruffalo, Julia Roberts The Normal Heart
29%
2021 | Jane Campion Benedict Cumberbatch, Kirsten Dunst The Power of the Dog
29%
1996 | Cheryl Dunye Cheryl Dunye, Guinevere Turner The Watermelon Woman
29%
1995 | Beeban Kidron Patrick Swayze, Wesley Snipes To Wong Foo, Thanks for Everything! Julie Newmar
29%
2004 | Pedro Almodóvar Gael Garcia Bernal, Fele Martinez Bad Education
26%
1998 | Bill Condon Ian McKellen, Brendan Fraser Gods and Monsters
26%
2014 | Matthew Warcus Bill Nighy, Imelda Staunton Pride
26%
2016 | Park Chan-wook Kim Min-hee, Kim Tae-ri The Handmaiden
26%
2010 | Lisa Cholodenko Annette Bening, Julianne Moore The Kids Are All Right
26%
2022 | Tig Notaro, Stephanie Allynne Dakota Johnson, Sonoya Mizuno Am I OK?
23%
2017 | Valerie Faris, Jonathan Dayton Emma Stone, Steve Carell Battle of the Sexes
23%
2010 | Mike Mills Ewan McGregor, Christopher Plummer Beginners
23%
2013 | Steven Soderbergh Michael Douglas, Matt Damon Behind the Candelabra
23%
1985 | Donna Deitch Helen Shaver, Patricia Charbonneau Desert Hearts
23%
2009 | John Requa, Glenn Ficarra Jim Carrey, Ewan McGregor I Love You Phillip Morris
23%
1997 | Frank Oz Kevin Kline, Joan Cusack In & Out
23%
2024 | Daniel Minahan Daisy Edgar-Jones, Jacob Elordi On Swift Horses
23%
1998 | Todd Haynes Ewan McGregor, Jonathan Rhys Meyers Velvet Goldmine
23%
2022 | Andrew Ahn Joel Kim Booster, Bowen Yang Fire Island
19%
2005 | Ol Parker Piper Perabo, Lena Headey Imagine Me & You
19%
2005 | Chris Columbus Rosario Dawson, Taye Diggs Rent
19%
2004 | Alice Wu Michelle Krusiec, Joan Chen Saving Face
19%
1959 | Joseph L. Mankiewicz Elizabeth Taylor, Katharine Hepburn Suddenly, Last Summer
19%
1995 | Agnieszka Holland Leonardo DiCaprio, David Thewlis Total Eclipse
19%
2005 | Duncan Tucker Felicity Huffman, Kevin Zegers Transamerica
19%
2025 | Roshan Sethi Karan Soni, Jonathan Groff A Nice Indian Boy
16%
2018 | Wash Westmoreland Keira Knightley, Dominic West Colette
16%
2023 | Ira Sachs Franz Rogowski, Ben Whishaw Passages
16%
2015 | Sean Baker Kitana Kiki Rodriguez, Mya Taylor Tangerine
16%
1970 | William Friedkin Kenneth Nelson, Leonard Frey The Boys in the Band
16%
1995 | Maria Maggenti Laurel Holloman, Nicole Ari Parker The Incredibly True Adventure of Two Girls in Love
16%
2020 | Mona Fastvold Katherine Waterston, Vanessa Kirby The World to Come
16%
2011 | Andrew Haigh Tom Cullen, Chris New Weekend
16%
1996 | Hettie MacDonald Linda Henry, Glen Barry Beautiful Thing
13%
2000 | Julian Schnabel Javier Bardem Before Night Falls
13%
1997 | Sean Mathias Lothaire Bluteau, Clive Owen Bent
13%
1994 | Rose Troche Guinevere Turner, V.S. Brodie Go Fish
13%
1998 | Lisa Cholodenko Ally Sheedy, Radha Mitchell High Art
13%
1995 | Christopher Ashley Steven Weber, Patrick Stewart Jeffrey
13%
1933 | Rouben Mamoulian Greta Garbo, John Gilbert Queen Christina
13%
2022 | Michael Showalter Jim Parsons, Todd Spiewak Spoiler Alert
13%
2000 | Greg Berlanti John Mahoney, Timothy Olyphant The Broken Hearts Club
13%
2020 | Alice Wu Leah Lewis, Daniel Diemer The Half of It
13%
2000 | Thomas Bezucha Arye Gross, Eric Schweig Big Eden
10%
1998 | David Moreton Chris Stafford, Tina Holmes Edge of Seventeen
10%
1999 | Joel Schumacher Robert De Niro, Philip Seymour Hoffman Flawless
10%
1998 | Simon Shore Stephen Taylor, Patricia Carr Get Real
10%
2001 | Charles Herman-Wurmfeld Heather Juergensen, Jennifer Westfeldt Kissing Jessica Stein
10%
2003 | C. Jay Cox Steve Sandvoss, Wes Ramsey Latter Days
10%
1989 | Norman René Stephen Caffrey, Patrick Cassidy Longtime Companion
10%
2011 | Dee Rees Adepero Oduye Pariah
10%
1986 | Bill Sherwood Richard Ganoung, Steve Buscemi Parting Glances
10%
2006 | Ryan Murphy Annette Bening, Brian Cox Running with Scissors
10%
1956 | Vicente Minnelli John Alton, Deborah Kerr Tea and Sympathy
10%
2017 | Robin Campillo Nahuel Pérez Biscayart, Arnaud Valois BPM (Beats per Minute)
6%
2024 | Nicholas Colia Everett Blunck, Owen Teague Griffin in Summer
6%
2023 | Luke Gilford Charlie Plummer, Eve Lindley National Anthem
6%
2017 | Jenée LaMarque Constance Wu, Angela Trimbur The Feels
6%
No matching quizzes found
Score Distribution
Percent of People with Each Score
Percentile by Number Answered
Your Score History
You have not taken this quiz since the last reset